00301nam a2200109Ia 4500008004100000082000800041100001400049245001200063942000600075952009500081999001500176240331s9999 xx 000 0 und d bAMM aAmmal,A.N 0aKavalai cL 001040708LaWERCLbWERCLcSSCd2024-03-31l0o 398 AMMp2949r2024-03-31w2024-03-31yL c3610d3610